| 000 | 00878nam a2200241 a 4500 | ||
|---|---|---|---|
| 003 | MX-MxUPN | ||
| 005 | 20240612124523.0 | ||
| 008 | 991125s1900 mx r 000 0 spa u | ||
| 035 | _aUPN01000013219 | ||
| 040 |
_aMX-MxUPN _bspa _cMX-MxUPN |
||
| 041 | 0 | _aspa | |
| 050 | 4 |
_aLB1589 M63 _bP33 |
|
| 100 | 1 | _aPaluzíe, José | |
| 245 | 1 | 0 |
_aCurso elemental de problemas y ejercicios de aritmética : _btercer año / _cpor José Paluzíe ; arreglados por Andrés Oscoy. |
| 260 |
_aMéxico : _bHerrero Hermanos, _c1900. |
||
| 300 | _a54 páginas | ||
| 490 | 0 | _aBiblioteca de la juventud escolar | |
| 500 | _a"Instructivos y divertidos con cuestiones sobre industria, comercio, etc." | ||
| 650 | 4 |
_aAritmética _xEstudio y enseñanza (Elemental) _95289 |
|
| 650 | 4 |
_aMatemáticas _xEstudio y enseñanza (Elemental) _92809 |
|
| 700 | 1 |
_aOscoy, Andrés _931054 |
|
| 942 |
_2lcc _cLIBRO |
||
| 999 |
_c13219 _d13219 |
||